000 00913cam a2200289 i 4500
999 _c200435022
_d53234
003 TR-AnTOB
005 20230616173939.0
007 ta
008 150602t20142014tu b 000 1 tur d
020 _a9789751628503
_q(paperback)
040 _aBGZ
_beng
_erda
_cBGZ
_dTR-AnTOB
041 0 _atur
050 0 0 _aML3757
_b.Ö93 2014
090 _aREF ML3757
_b.Ö93 2014
100 1 _aÖzbek, Mehmet
_4author
_977725
245 1 0 _aTürk halk müziği el kitabı I :
_bterim sözlüğü /
_cDr. Mehmet Özbek.
264 1 _aAnkara :
_bAtatürk Kültür Merkezi,
_c2014.
300 _a222 pages ;
_c24 cm
336 _atext
_btxt
_2rdacontent
337 _aunmediated
_bn
_2rdamedia
338 _avolume
_bnc
_2rdacarrier
504 _aBIB
590 _aDonated by Tuba Işınsu Durmuş İsen.
650 7 _aHalk müziği
_zTürkiye
_vSözlükler
_2etuturkob
_927311
942 _2lcc
_cBK